Ideologies of German Political Parties - Statistics

General Stats
  • This quiz has been taken 22 times
  • The average score is 10 of 24
Answer Stats
Political Party Ideology % Correct
Social Democratic Party of Germany Social democracy
84%
Christian Democratic Union of Germany Christian democracy
79%
Christian Social Union in Bavaria Christian democracy
79%
Christian Democratic Union of Germany Conservatism
68%
Christian Social Union in Bavaria Conservatism
68%
The Left Democratic socialism
68%
Alliance 90/The Greens Green politics
63%
Christian Social Union in Bavaria Regionalism
47%
South Schleswig Voters' Association Regionalism
47%
Alliance 90/The Greens Social liberalism
42%
South Schleswig Voters' Association Social liberalism
42%
Alliance Germany Liberal conservatism
37%
Alternative for Germany National conservatism
37%
Alliance Germany National conservatism
37%
Values Union National conservatism
37%
Alternative for Germany Right-Wing populism
37%
Values Union Right-Wing populism
37%
Alliance Germany Economic Liberalism
26%
Values Union Economic Liberalism
26%
Alternative for Germany Euroscepticism
26%
The Left Left-Wing populism
26%
Alternative for Germany Völkisch nationalism
21%
South Schleswig Voters' Association Frisian minority intrests
5%
South Schleswig Voters' Association Danish minority intrests
0%
No matching quizzes found
Score Distribution
Percent of People with Each Score
Percentile by Number Answered
Your Score History
You have not taken this quiz